Standing Orders of the Board of Revenue (Record no. 621845)

MARC details
000 -LEADER
fixed length control field 00520nam a22001817a 4500
008 - FIXED-LENGTH DATA ELEMENTS--GENERAL INFORMATION
fixed length control field 260502b |||||||| |||| 00| 0 eng d
020 ## - INTERNATIONAL STANDARD BOOK NUMBER
Paper back/Hardbound pbk
041 ## - LANGUAGE CODE
Language code of text/sound track or separate title eng
082 ## - DEWEY DECIMAL CLASSIFICATION NUMBER
Classification number 343.4101 KHA
245 ## - TITLE STATEMENT
Title Standing Orders of the Board of Revenue
Sub Title Land Revenue, Settlement and Miscellaneous
Number of part/section of a work Vol. 1
260 ## - PUBLICATION, DISTRIBUTION, ETC. (IMPRINT)
Place of publication Madurai
Name of publisher Account Test Centre
Year of publication 2013
300 ## - PHYSICAL DESCRIPTION
Number of Pages 448p. :
Dimensions 25cm
490 ## - SERIES STATEMENT
Volume number/sequential designation Vol. 1
504 ## - BIBLIOGRAPHY, ETC. NOTE
Bibliography, etc Includes index
650 ## - SUBJECT ADDED ENTRY--TOPICAL TERM
Topical Term Military, tax, trade & industrial law
942 ## - ADDED ENTRY ELEMENTS (KOHA)
Koha item type English Books
Holdings
Withdrawn status Lost status Damaged status Not for loan Home library Current library Shelving location Date acquired Full call number Accession Number Price effective from Koha item type
        Anna Centenary Library Anna Centenary Library 4TH FLOOR, A WING 02.05.2026 343.4101 KHA 581021 02.05.2026 English Books

Find us on the map